000 01514cam a22004214i 4500
003 PE-LiUPU
005 20250731173000.0
008 150623s1982 bl r 000 0 spa d
035 _a(Sirsi) a21844
040 _aPE-LiUPU
_bspa
_cPE-LiUPU
_erda
049 _aPRUA
082 0 4 _a224.9
_bS55
_221
100 1 _aSilva, Horne,
_eautor.
245 1 0 _aEstudos sobre os profetas menores :
_bcomentario /
_cHome Silva.
264 1 _aSao Paulo :
_bInstituto Adventista de Ensino,
_c1982.
300 _a303 páginas ;
_c21 centímetros
336 _atext
_2rdacontent
337 _aunmediated
_2rdamedia
338 _avolume
_2rdacarrier
505 0 _aLibro de Joel -- Libro de Habacuque -- Libro de Obadias -- Libro de Sofonías -- Libro de Ageu -- Libro de Zacarías -- Libro de Malaquias.
526 _aSEG42
526 _aSEG41
526 _aSEG40
526 _aSEG39
526 _aP94
526 _aP87
526 _aP86
526 _aP85
526 _aP77
526 _aP76
526 _aP35
630 _aBiblia.
_pA.T.
_pProfetas menores.
942 _2ddc
_cBOOK
949 _a224.9 S55 2
_wDEWEY
_c1
_i45488
_lCCODEBUL1
_mBUL
_p00.00
_r0
_sY
_tBOOK
_u2015-06-24
_xTEOLOGIA
_PP35
_0COMPRA
_o.STAFF. Colección General
596 _a1
999 _a224.9 S55 2
_wDEWEY
_c22352
_i45488
_d22352
_e2019-6-18
_f2021-11-9
_g5
_lCCODEBUL1
_mBUL
_n2
_p20.00
_q18
_r0
_sY
_tBOOK
_u2015-6-24
_xTEOLOGIA
_PP35
_0COMPRA
_o.STAFF. Colección Teología
980 _81
_gALBERTO SANCHEZ Responsable de Automatización